Guide pour le developpement des systemes d'ecriture des langues Africaines / (Record no. 37646)
[ view plain ]
| 000 -LEADER | |
|---|---|
| fixed length control field | 00696nam a22002171a 4500 |
| 003 - CONTROL NUMBER IDENTIFIER | |
| control field | NEGST |
| 005 - DATE AND TIME OF LATEST TRANSACTION | |
| control field | 20110718132530.0 |
| 008 - FIXED-LENGTH DATA ELEMENTS--GENERAL INFORMATION | |
| fixed length control field | 030712s1988 001 0 eng d |
| 100 1# - MAIN ENTRY--PERSONAL NAME | |
| Personal name | Wiesemann, Ursula. |
| 245 10 - TITLE STATEMENT | |
| Title | Guide pour le developpement des systemes d'ecriture des langues Africaines / |
| Statement of responsibility, etc | by Ursula Wiesemann. |
| Medium | [Text] |
| 260 ## - PUBLICATION, DISTRIBUTION, ETC. (IMPRINT) | |
| Place of publication, distribution, etc | Yaunde |
| Name of publisher, distributor, etc | Tous Droits Reserves |
| Date of publication, distribution, etc | 1988 |
| 300 ## - PHYSICAL DESCRIPTION | |
| Extent | III, 194p. |
| 490 0# - SERIES STATEMENT | |
| Series statement | Collection propelca no.2 |
| 500 ## - GENERAL NOTE | |
| General note | Includes bibliographical references. |
| 590 ## - LOCAL NOTE (RLIN) | |
| Local note | Accession number: 24182 |
| 650 #0 - SUBJECT ADDED ENTRY--TOPICAL TERM | |
| Topical term or geographic name as entry element | African languages. |
| 650 #0 - SUBJECT ADDED ENTRY--TOPICAL TERM | |
| Topical term or geographic name as entry element | Literacy programs |
| General subdivision | Africa. |
| 700 1# - ADDED ENTRY--PERSONAL NAME | |
| Personal name | Sadembouo, Etienne. |
| 700 1# - ADDED ENTRY--PERSONAL NAME | |
| Personal name | Tadadjeu, Maurice. |
| Withdrawn status | Lost status | Source of classification or shelving scheme | Damaged status | Not for loan | Collection code | Home library | Current library | Shelving location | Date acquired | Cost, normal purchase price | Full call number | Barcode | Date last seen | Copy number | Price effective from | Koha item type |
|---|---|---|---|---|---|---|---|---|---|---|---|---|---|---|---|---|
| Library of Congress Classification | General Circulation | AIU/NEGST - Tony Wilmot Memorial Library | AIU/NEGST - Tony Wilmot Memorial Library | General Stacks | 11/13/2009 | 10.00 | PL 8007.W548 1988 | R07502M3232 | 09/26/2019 | 1 | 11/13/2009 | Africana collection (General) |
